000 00689nam a2200169 a 4500
008 150817s2001 ||||||||||||||||| || u
020 _a9780130195548
050 _aQP 34.5 Sil
100 _aSilverthorn, Dee Uuglaub
245 1 0 _aHuman physiology: an integrated approach.(2nd ed.)
_cby Dee Unglaub Silverthorn and Richard Damian Hill
250 _a2nd ed.
260 _aUnited States of America
_bPrentice Hall
_c2001
300 _aseveral pagings, ill.
350 _a29.40
650 0 _aHUMAN ANATOMY
995 _aMEDICAL LIBRARY OPEN ACCESS
_e903090
_FCBU-SCHOOL OF MEDICINE LIBRARY (Ndola)
_I29.40
_jQP 34.5 Sil
_M1
_UAVAILABLE
_WSep 4, 2015
_y903090
_ZMedical Library Open Access Collection
999 _c31738
_d31738